000 00301nam a2200109Ia 4500
008 230320s9999||||xx |||||||||||||| ||spa||
082 _a384.54/C43
100 _aComunicación Radial Alternativa
245 0 _aLa Radio Popular En El Perú
260 _bComunicación Radial Alternativa
942 _80
_cLIB
999 _c37970
_d37970